000 00469nmm a2200157Ia 4500
008 251105s9999||||xx |||||||||||||||||und||
020 _a9789562606769
041 _aspa
100 _aBrito, Eugenia
245 0 _aFicciones del muro : Brunet, Donoso, Eltit
264 _a[Santiago de Chile, Chile] :
_bCuarto Propio,
_c2014
300 _a111 páginas
650 _aLatin American literature
856 _uhttps://public.digitaliapublishing.com/a/38318
942 _cCF
999 _c94290
_d94290